000 01073nam a2200277Ia 4500
001 ebr10314637
003 CaPaEBR
006 m u
007 cr cn|||||||||
008 081017s2008 nyua s 000 0 eng d
020 _z9781598635683
020 _z1598635689 (pbk.)
040 _aCaPaEBR
_cCaPaEBR
035 _a(OCoLC)472400319
050 1 4 _aQA76.76.C672
_bD84 2008eb
100 1 _aDuggan, Michael.
245 1 0 _a2D game building for teens
_h[electronic resource] /
_cMichael Duggan.
260 _aClifton Park, N.Y. :
_bDelmar ;
_aLondon :
_bCengage Learning [distributor],
_c2008.
300 _a305 p. :
_bill.
533 _aElectronic reproduction.
_bPalo Alto, Calif. :
_cebrary,
_d2009.
_nAvailable via World Wide Web.
_nAccess may be limited to ebrary affiliated libraries.
650 0 _aComputer games
_xProgramming.
650 0 _aComputers.
655 7 _aElectronic books.
_2local
710 2 _aebrary, Inc.
856 4 0 _uhttp://site.ebrary.com/lib/rucke/Doc?id=10314637
_zAn electronic book accessible through the World Wide Web; click to view
999 _c165319
_d165319